| 000 | 00383nam a22001457a 4500 | ||
|---|---|---|---|
| 003 | macl | ||
| 005 | 20190621161017.0 | ||
| 008 | 190621b xxu||||| |||| 00| 0 eng d | ||
| 040 | _cmacl. | ||
| 100 |
_aKaur, Gurinder _975468 |
||
| 245 | _aReligion and Health : Narratives on Faith Healing | ||
| 260 |
_aDelhi _bSerials Pub _c2016 |
||
| 650 |
_aPhilosophy _975469 |
||
| 942 |
_2ddc _cBK |
||
| 999 |
_c60203 _d60203 |
||